Electonic Devices (Record no. 4503)

MARC details
000 -LEADER
fixed length control field 00449nam a2200157Ia 4500
008 - FIXED-LENGTH DATA ELEMENTS--GENERAL INFORMATION
fixed length control field 230312s9999||||xx |||||||||||||| ||und||
020 ## - INTERNATIONAL STANDARD BOOK NUMBER
International Standard Book Number 81-7758-354-9
082 ## - DEWEY DECIMAL CLASSIFICATION NUMBER
Classification number 621.38928
Item number FLO-E
100 ## - MAIN ENTRY--PERSONAL NAME
Personal name Floyd,thomas.l
245 #0 - TITLE STATEMENT
Title Electonic Devices
260 ## - PUBLICATION, DISTRIBUTION, ETC.
Name of publisher, distributor, etc. Pearson Education
Place of publication, distribution, etc. South Asia
Date of publication, distribution, etc. 2002
300 ## - PHYSICAL DESCRIPTION
Extent 993
546 ## - LANGUAGE NOTE
Language note Eng.
650 ## - SUBJECT ADDED ENTRY--TOPICAL TERM
Topical term or geographic name entry element Engineering
Form subdivision Introduction to semiconductore,Diode Applications, Special-Purpose diodes
942 ## - ADDED ENTRY ELEMENTS (KOHA)
Koha item type BOOK
Holdings
Withdrawn status Lost status Source of classification or shelving scheme Damaged status Not for loan Home library Current library Date acquired Total Checkouts Full call number Barcode Date last seen Price effective from Koha item type
    Dewey Decimal Classification     Superior Information Resource Center (SIRC) Superior University- Main Campus Superior Information Resource Center (SIRC) Superior University- Main Campus 03/13/2023   621.38928 FLO-E 4528 03/13/2023 03/13/2023 BOOK

Powered by Koha